Statistics for Kings and Queens of England/ UK

Click here to take the quiz!

General Stats

  • This quiz has been taken 218 times
  • The average score is 40 of 61

Answer Stats

Answer% Correct
Elizabeth I
95%
Edward
88%
Edward
88%
Edward
88%
William I
86%
George V
85%
Henry V
85%
Henry VI
85%
Victoria
85%
Edward V
84%
George I
84%
Henry VII
84%
Henry VIII
84%
Charles I
83%
Charles II
83%
Edward VI
83%
Elizabeth II
83%
George II
83%
George III
83%
George IV
83%
George VI
83%
Henry I
83%
Henry II
83%
Henry III
83%
Henry IV
83%
Richard I
83%
Richard III
83%
William II
83%
Edward I
82%
Edward VII
82%
Edward VIII
82%
William IV
82%
Edward II
81%
John
81%
William III
81%
Anne
79%
Edward III
79%
Edward IV
79%
Mary I
79%
James I
77%
James II
76%
Richard II
71%
Stephen
67%
Oliver Cromwell
63%
Alfred
49%
Harold I
42%
Harold II
40%
Richard Cromwell
37%
Edmund
30%
Aethelred
27%
Canute
27%
Edgar
26%
Athelstan
15%
Edmund II
14%
Eadred
13%
Harthacanute
13%
Egbert
9%
Aethelred II
7%
Aethelwulf
7%
Aethelbald
4%
Aethelbert
4%

Score Distribution

Percentile by Number Answered

Percent of People with Each Score

Your Score History

You have not taken this quiz